000 00269nam a22001097a 4500
082 _a651.3 ROB'S
100 _aROBICHAND, BERYL
_956973
245 _aSELECTING PLANNING AND MANAGING OFFICE SPACE
260 _aNEWYORK
_bMCGRAW HILL
_c1958
300 _a361P
942 _cBK
999 _c567297
_d567297